Derecho sucesorio
Salvato in:
| Autore principale: | |
|---|---|
| Natura: | Libro |
| Lingua: | spagnolo |
| Pubblicazione: |
Santiago
LexisNexis
2005
|
| Edizione: | 1a. ed |
| Serie: | Colección de Tratados
|
| Soggetti: | |
| Tags: |
Aggiungi Tag
Nessun Tag, puoi essere il primo ad aggiungerne!!
|
MARC
| LEADER | 00000nam a2200000 a 4500 | ||
|---|---|---|---|
| 001 | UCK8914 | ||
| 003 | CL-VaPUC | ||
| 008 | 060407e20050000CL |||||||||||||||||spa|d | ||
| 020 | |a 956238585X | ||
| 082 | 0 | 4 | |a 346.05 |b ELO |2 21 |
| 100 | |a Elorriaga de Bonis, Fabián |e autor |9 815953 | ||
| 245 | 1 | 0 | |a Derecho sucesorio |
| 250 | |a 1a. ed | ||
| 300 | |a 778 p | ||
| 942 | |c BK | ||
| 945 | |d 20060407 00:00:00 |a jtorresc | ||
| 260 | |a Santiago |b LexisNexis |c 2005 | ||
| 650 | 0 | |a Derecho sucesorio |9 255015 | |
| 651 | 7 | |a CHILE |2 CL-VaPUC |9 498662 | |
| 583 | |a last modification |c 20060407 00:00:00 |k Rodrigo Vera | ||
| 490 | 0 | |a Colección de Tratados | |
| 999 | |c 316315 |d 316313 | ||
| 952 | |0 0 |1 0 |4 0 |6 346_050000000000000_ELO_2005 |7 0 |8 A |9 390585 |a BIBDER |b BIBDER |d 2019-11-22 |i 4215222 |l 2 |m 4 |o 346.05 ELO 2005 |p 4215222 |q 2025-12-31 |r 2020-03-20 |s 2020-03-20 |w 2019-11-22 |y BK |k DER | ||
| 952 | |0 0 |1 0 |4 0 |6 346_050000000000000_ELO_2005 |7 0 |8 A |9 390586 |a BIBDER |b BIBDER |d 2019-11-22 |i 4219511 |o 346.05 ELO 2005 |p 4219511 |r 2023-01-25 |w 2019-11-22 |y BK |k DER | ||
| 952 | |0 0 |1 0 |4 0 |6 346_050000000000000_ELO_2005 |7 0 |8 A |9 390587 |a BIBDER |b BIBDER |d 2019-11-22 |i 421952K |o 346.05 ELO 2005 |p 421952K |r 2023-01-25 |w 2019-11-22 |y BK |k DER | ||
| 952 | |0 0 |1 0 |4 0 |6 346_050000000000000_ELO_2005 |7 0 |8 A |9 390588 |a BIBDER |b BIBDER |d 2019-11-22 |i 4219538 |l 11 |o 346.05 ELO 2005 |p 4219538 |r 2025-03-10 |s 2025-03-10 |w 2019-11-22 |y BK |k DER | ||
| 952 | |0 0 |1 0 |4 0 |6 346_050000000000000_ELO_2005 |7 0 |8 A |9 390589 |a BIBDER |b BIBDER |d 2019-11-22 |i 4222431 |l 1 |m 1 |o 346.05 ELO 2005 |p 4222431 |r 2023-01-25 |s 2022-03-10 |w 2019-11-22 |y BK |k DER | ||
| 952 | |0 0 |1 0 |4 0 |6 346_050000000000000_ELO_2005 |7 0 |8 A |9 390590 |a BIBDER |b BIBDER |d 2019-11-22 |i 4247728 |l 1 |o 346.05 ELO 2005 |p 4247728 |r 2023-01-25 |s 2022-12-20 |w 2019-11-22 |y BK |k DER | ||
| 952 | |0 0 |1 0 |4 0 |6 346_050000000000000_ELO_2005 |7 0 |8 A |9 390591 |a BIBDER |b BIBDER |d 2019-11-22 |i 4388577 |o 346.05 ELO 2005 |p 4388577 |r 2023-01-25 |w 2019-11-22 |y BK |k DER | ||
| 952 | |0 0 |1 0 |4 0 |6 346_050000000000000_ELO_2005 |7 0 |8 A |9 390592 |a BIBDER |b BIBDER |d 2019-11-22 |i 4388585 |l 5 |m 2 |o 346.05 ELO 2005 |p 4388585 |r 2023-05-24 |s 2023-05-18 |w 2019-11-22 |y BK |k DER | ||
| 952 | |0 0 |1 0 |4 0 |6 346_050000000000000_ELO_2005 |7 0 |8 A |9 390593 |a BIBDER |b BIBDER |d 2019-11-22 |i 4388593 |o 346.05 ELO 2005 |p 4388593 |r 2023-01-25 |w 2019-11-22 |y BK |k DER | ||
| 952 | |0 0 |1 0 |4 0 |6 346_050000000000000_ELO_2005 |7 0 |8 A |9 390594 |a BIBDER |b BIBDER |d 2019-11-22 |i 4388607 |o 346.05 ELO 2005 |p 4388607 |r 2023-01-25 |w 2019-11-22 |y BK |k DER | ||
| 952 | |0 0 |1 0 |4 0 |6 346_050000000000000_ELO_2005 |7 0 |8 A |9 390595 |a BIBDER |b BIBDER |d 2019-11-22 |i 4388615 |l 2 |o 346.05 ELO 2005 |p 4388615 |r 2023-05-22 |s 2023-05-03 |w 2019-11-22 |y BK |k DER | ||
| 952 | |0 0 |1 0 |4 0 |6 346_050000000000000_ELO_2005 |7 0 |8 A |9 390596 |a BIBDER |b BIBDER |d 2019-11-22 |i 4388623 |l 3 |m 1 |o 346.05 ELO 2005 |p 4388623 |r 2024-10-08 |s 2024-09-25 |w 2019-11-22 |y BK |k DER | ||
| 952 | |0 0 |1 0 |4 0 |6 346_050000000000000_ELO_2005 |7 0 |8 A |9 390597 |a BIBDER |b BIBDER |d 2019-11-22 |i 4388631 |l 7 |m 5 |o 346.05 ELO 2005 |p 4388631 |r 2024-04-15 |s 2024-03-22 |w 2019-11-22 |y BK |k DER | ||
| 952 | |0 0 |1 0 |4 0 |6 346_050000000000000_ELO_2005 |7 0 |8 A |9 390598 |a BIBDER |b BIBDER |d 2019-11-22 |i 449069K |l 1 |o 346.05 ELO 2005 |p 449069K |r 2023-01-25 |s 2020-03-04 |w 2019-11-22 |y BK |k DER | ||
| 952 | |0 0 |1 0 |4 0 |6 346_050000000000000_ELO_2005 |7 0 |8 A |9 390599 |a BIBDER |b BIBDER |d 2019-11-22 |i 4743822 |o 346.05 ELO 2005 |p 4743822 |r 2023-01-25 |w 2019-11-22 |y BK |k DER | ||